00874nam a22002055i 4500001000700000003000900007005001700016008004100033040001400074100003100088245019800119250001200317260006600329300002000395650003400415700003900449852003900488999001900527952012200546166014ES-MaACL20250809033908.0940206s1884 sp |||| | spa d aCAM bspa1 aTapparelli, Luigi.913311810aEnsayo teórico de derecho natural b: apoyado en los hechos / cpor Luis Taparelli ; traducido directamente de la última ed. italiana... corregida y aumentada por Juan Manuel Ortí y Lara. a2ª ed. aMadrid : bNueva Librería e Imprenta de San José, c1884. a3 v. ; c23 cm. 7aDerecho natural2embne9117441 aOrtí y Lara, Juan Manuel.987534 aES-MaACLjB-5429-31 z-- Enc. hol. c166014d166014 001040708LIBXIXaATENEOMbATENEOMcSPBd2008-01-17l0oB-5429-31p1174104r2023-02-23 00:00:00w2023-02-23yMONANT